Normal view
MARC view
Entry Personal Name
001 - CONTROL NUMBER
- control field: 13586
003 - CONTROL NUMBER IDENTIFIER
- control field: OSt
005 - DATE AND TIME OF LATEST TRANSACTION
- control field: 20200207110036.0
008 - FIXED-LENGTH DATA ELEMENTS
- fixed length control field: 200207|| aca||aabn | a|a d
040 ## - CATALOGING SOURCE
- Original cataloging agency: OSt
- Transcribing agency: OSt
100 ## - HEADING--PERSONAL NAME
- Personal name: Pearson, A.J
670 ## - SOURCE DATA FOUND
- Source citation: Work cat.: (OSt): Pearson, A.J, Iron compounds in organic synthesis /, 1994
